| 000 | 00757nam a2200193 a 4500 | ||
|---|---|---|---|
| 001 | 000025025 | ||
| 005 | 20240305103442.0 | ||
| 008 | 110209s1994 dr c 000 0 spa d | ||
| 040 |
_aDO-SdBNP _bspa _cBNPHU |
||
| 082 |
_axxx _bH519i |
||
| 100 | 1 |
_aHenríquez Ureña, Camila _923480 |
|
| 245 | 1 | 4 |
_aLas ideas pedagógicas de Hostos y otros escritos / _cCamila Henríquez Ureña ; edición Arístides Incháustegui, Blanca Delgado Malagón. |
| 260 |
_aSanto Domingo : _bSecretaría de Estado de Educación, Bellas Artes y Cultos, _c1994. |
||
| 300 |
_a382 p. : _bretr. ; _c24 cm. |
||
| 500 | _aIncluye notas al pie de las páginas | ||
| 700 | 1 |
_aIncháustegui Cabral, Héctor, _d1912-1979 _921024 |
|
| 700 | 1 |
_aDelgado Malagón, Blanca _922928 |
|
| 049 | _aBNPD | ||
| 999 |
_c24518 _d24518 |
||